| 000 | 00524nam a2200181 a 4500 | ||
|---|---|---|---|
| 005 | 20240308063654.0 | ||
| 008 | 991125s1977 mx 000 0 spa u | ||
| 035 | _aUPN01000006355 | ||
| 049 | _aCG | ||
| 050 | 4 |
_aD13 _bC6.2 |
|
| 100 | 1 | _aConnelly, Marisela | |
| 245 | 1 | 0 |
_aCambios del análisis histórico / _cMarisela Connelly. |
| 260 |
_aMéxico : _bANUIES, _c1977. |
||
| 300 | _a110 p. | ||
| 440 | 0 |
_aTemas básicos ; _pArea historia universal moderna y contemporánea |
|
| 650 | 4 |
_aHistoriografía _9920 |
|
| 905 | _aLibro | ||
| 999 |
_c6355 _d6355 |
||